Simulation of checking of mechanical state of the transformer windings by nanosecond impulse; MATEC Web of Conferences; Vol. 19 : The 2nd International Youth Forum "Smart Grids", Tomsk, Russia, October 6-10, 2014

Бібліографічні деталі
Parent link:MATEC Web of Conferences
Vol. 19 : The 2nd International Youth Forum "Smart Grids", Tomsk, Russia, October 6-10, 2014.— 2014.— [01032, 3 p.]
Співавтор: Национальный исследовательский Томский политехнический университет
Інші автори: Lavrinovich V. A. Valeriy Aleksandrovich, Pichugina M. T. Mariya Timofeevna, Nizkodubov G. A. Gavriel Anatolevich, Semenov A. S. Aleksey Sergeevich
Резюме:Title screen
The detailed electrical model of the transformer windings was developed. The possibility of detecting negligible changes in the geometrical pattern of the windings was investigated by testing of the impulses with nanosecond rising edge.
Мова:Англійська
Опубліковано: 2014
Предмети:
Онлайн доступ:http://dx.doi.org/10.1051/matecconf/20141901032
Формат: MixedMaterials Електронний ресурс Частина з книги
KOHA link:https://koha.lib.tpu.ru/cgi-bin/koha/opac-detail.pl?biblionumber=640163

MARC

LEADER 00000nla2a2200000 4500
001 640163
005 20250523152148.0
035 |a (RuTPU)RU\TPU\network\4693 
035 |a RU\TPU\network\4687 
090 |a 640163 
100 |a 20150410a2014 k y0engy50 ba 
101 0 |a eng 
102 |a FR 
105 |a y z 100zy 
135 |a drgn ---uucaa 
181 0 |a i  
182 0 |a b 
200 1 |a Simulation of checking of mechanical state of the transformer windings by nanosecond impulse  |f V. A. Lavrinovich [et al.] 
203 |a Text  |c electronic 
300 |a Title screen 
320 |a [References: 4 tit.] 
330 |a The detailed electrical model of the transformer windings was developed. The possibility of detecting negligible changes in the geometrical pattern of the windings was investigated by testing of the impulses with nanosecond rising edge. 
461 0 |0 (RuTPU)RU\TPU\network\4526  |t MATEC Web of Conferences  
463 0 |0 (RuTPU)RU\TPU\network\4524  |t Vol. 19 : The 2nd International Youth Forum "Smart Grids", Tomsk, Russia, October 6-10, 2014  |o [proceedings]  |f National Research Tomsk Polytechnic University (TPU)  |v [01032, 3 p.]  |d 2014 
610 1 |a электронный ресурс 
610 1 |a труды учёных ТПУ 
610 1 |a моделирование 
610 1 |a поверки 
610 1 |a механические состояния 
610 1 |a обмотки 
610 1 |a трансформаторы 
610 1 |a наносекундные импульсы 
610 1 |a электрические модели 
701 1 |a Lavrinovich  |b V. A.  |c specialist in the field of power engineering  |c Professor of Tomsk Polytechnic University, Doctor of technical sciences  |f 1948-  |g Valeriy Aleksandrovich  |3 (RuTPU)RU\TPU\pers\34173 
701 1 |a Pichugina  |b M. T.  |c specialist in the field of electric power engineering  |c Associate Professor of Tomsk Polytechnic University, Candidate of technical sciences  |f 1947-  |g Mariya Timofeevna  |3 (RuTPU)RU\TPU\pers\34187 
701 1 |a Nizkodubov  |b G. A.  |c linguist  |c Associate Professor of Tomsk Polytechnic University, Candidate of pedagogical sciences  |f 1982-  |g Gavriel Anatolevich  |3 (RuTPU)RU\TPU\pers\31205 
701 1 |a Semenov  |b A. S.  |c specialist in the field of nuclear energy  |c engineer of Tomsk Polytechnic University  |f 1984-  |g Aleksey Sergeevich  |3 (RuTPU)RU\TPU\pers\34174 
712 0 2 |a Национальный исследовательский Томский политехнический университет  |c (2009- )  |9 26305 
801 2 |a RU  |b 63413507  |c 20161226  |g RCR 
850 |a 63413507 
856 4 |u http://dx.doi.org/10.1051/matecconf/20141901032 
942 |c CF